| 000 | 00702nam a2200193Ia 4500 | ||
|---|---|---|---|
| 008 | 220216s9999 xx 000 0 und d | ||
| 100 | _aPrasannakumari P | ||
| 245 | 0 | _aPotassium and silicon help young rubber plants tide over transient drought | |
| 260 |
_bInternational Workshop on Climate Change and Rubber Cultivation: R & D Priorities, 28-30 July 2010, Rubber Research Institute of India, Kottayam, Kerala, pp. 59-60 _c2010 |
||
| 650 | _aChlorophyll content | ||
| 650 | _aDrought tolerance | ||
| 650 | _aLeaf water potential | ||
| 650 | _aPotassium application | ||
| 650 | _aSilicon application | ||
| 700 | _aAnnamalainathan K | ||
| 700 | _aJacob J | ||
| 700 | _aJessy M D | ||
| 942 | _cBS | ||
| 999 |
_c49550 _d49550 |
||